| 000 | 00361pab a2200157 454500 | ||
|---|---|---|---|
| 008 | 180718b2008 xxu||||| |||| 00| 0 eng d | ||
| 100 | _aKotwal, Vinod | ||
| 245 | _aClimatic change: e-waste: the digital detritus | ||
| 260 | _c2008 | ||
| 300 | _ap.50-52. | ||
| 362 | _aJun | ||
| 650 | _aClimatic change | ||
| 773 | _aYojana | ||
| 908 | _aN | ||
| 909 | _a78529 | ||
| 999 |
_c78529 _d78529 |
||